| 000 | 01507cam a2200409 a 4500 | ||
|---|---|---|---|
| 001 | 22427911 | ||
| 003 | CBULib | ||
| 005 | 20240430102047.0 | ||
| 006 | m |o d | | ||
| 007 | cr ||||||||||| | ||
| 008 | 120217s2013 nyua ob 001 0 eng | ||
| 010 | _a 2021695224 | ||
| 020 |
_a9780071632607 _qebook |
||
| 020 | _z9780071624978 (softcover : alk. paper) | ||
| 020 | _z007162497X (MHID) | ||
| 040 |
_aDLC _beng _epn _cDLC |
||
| 050 | 0 | 0 | _aRC871 |
| 060 | 1 | 0 | _aWJ 140 |
| 082 | 0 | 0 |
_a616.6 _223 |
| 245 | 0 | 0 |
_aSmith and Tanagho's general urology / _beditors, Jack W. McAninch, Thomas F. Lue. |
| 246 | 1 | _aGeneral urology | |
| 250 | _a18th ed. | ||
| 260 |
_aNew York : _bMcGraw-Hill Professional, _cc2013. |
||
| 300 | _a1 online resource (x, 758 p.) | ||
| 500 | _aRev. ed. of: Smith's general urology. 17th ed. c2008. | ||
| 504 | _aIncludes bibliographical references and index. | ||
| 588 | _aDescription based on print version record and CIP data provided by publisher; resource not viewed. | ||
| 650 | 1 | 2 | _aUrologic Diseases. |
| 700 | 1 | _aMcAninch, Jack W. | |
| 700 | 1 | _aLue, Tom F. | |
| 700 | 1 |
_aSmith, Donald R. _q(Donald Ridgeway), _d1909-1991. |
|
| 730 | 0 | _aSmith's general urology. | |
| 776 | 0 | 8 |
_iPrint version: _tSmith and Tanagho's general urology _dNew York : McGraw-Hill Professional, c2013. _z9780071624978 (softcover : alk. paper) _w(DLC) 2012007118 |
| 906 |
_a7 _bcbc _corigcop _d1 _eecip _f20 _gy-gencatlg |
||
| 942 |
_2lcc _c002 _e18 _n0 |
||
| 999 |
_c84973 _d84973 |
||